000 00327nam a2200109Ia 4500
008 171204s9999 xx 000 0 und d
245 _aWeb Developer's Reference Guide:
245 _cJoshua Johanan, Ricardo Zea, and Talha Khan
260 _c2016
650 _xWeb Design
856 _uhttp://down.ebook777.com/049/1783552131.pdf
999 _c345998
_d345998